000 01965nam a2200313 a 4500
001 BRCA_2789
005 20190320203953.0
008 081208s1905----sp-a---###---#000-0#spa-u
041 _aspa
044 _asp
084 _a250
_b.S47
_c1905
100 1 _aCervantes Saavedra, Miguel de
_d1547-1616
_9213
245 1 0 _aEl Ingenioso Hidalgo Don Quijote de la Mancha
_ccompuesto por Miguel de Cervantes Saavedra.
250 _a3
260 _aBarcelona
_bFrancisco Seix
_c1905
300 _a2 v.
_bil. (a color)
_c23 cm.
500 _aContenido : v 1. Primera parte. Dedicatoria del editor A. S. M. Rey Don Adolfo XIII. Proemio de J. Ma. Asensio. Facsímiles de algunos documentos autografos de Cervantes. Reproducción fotográfica de las anotaciones puestas por un lector del siglo XVII en un ejemplar de la segunda edición del Quijote impresa en 1605. Preliminares. Texto. -- v 2. Segunda parte. Preliminares. Texto
500 _aEdición : Lujosa edición con un proemio del Sr. D. Jose Ma. Asensio. Ilustraciones de José Moreno Carbonero y Laureano Barrau. Cabeceras iniciales policromadas, de diferentes artistas
500 _aCopia de la edición publicada por el mismo editor, en 1898, sin más diferencia que llevar el tomo I de la presente, una reproducción fotográfica de las anotaciones puestas por un lector de principios del siglo XVII, en un ejemplar de la segunda edición del Quijote (1605). Semitela; lomos y planos profusamente decorados con adornos dorados y de otros colores Lúdovik Osterc
500 _aEstado físico : En la portada viene el nombre de Soledad Gómez
500 _aQM1099
650 1 4 _aNovela española
_yÉpoca clásica, 1500-1700
_9215
650 1 4 _aLiteratura española
_yÉpoca clásica, 1500-1700
_9216
650 1 4 _aNovela española
_ySiglo XVII
_9217
650 1 4 _aDon Quijote (Personaje ficticio)
_eNovela
_9218
740 0 _aEl Ingenioso Hidalgo Don Quijote de la Mancha
902 _aQFM
942 _2lcc
_cB
999 _c2529
_d2529